Загрузка...

Aadithyanum Radhayum mattu chilarum

Библиографические подробности
Главный автор: Mukundan, M; Author
Формат: Printed Book
Опубликовано: Kottayam, D C Books 2006
Редактирование:Ed.8
Предметы:
LEADER 005590000a22001930004500
020 |a 81-713-0232-7 
040 |a MAL 
082 |a A3 MUK/A P6 
100 |a Mukundan, M; Author 
245 |a Aadithyanum Radhayum mattu chilarum 
250 |a Ed.8 
260 |a Kottayam, D C Books 
260 |c 2006 
460 |a 175p 
465 |a Rs.70.00 
500 |a M Mukundan 
650 |a Malayalam fiction 
999 |c 37729  |d 37729 
952 |0 0  |1 0  |4 0  |6 A_000000000000000_3_MUKA_P6  |7 0  |8 MAL  |9 38233  |a MGUL  |b MGUL  |d 2013-07-16  |e Rs.70.00  |l 0  |o A3 MUK/A P6  |p 37016  |r 2013-07-16  |w 2013-07-16  |y BK